Přístup ke zdanění a konkurenceschopnost zemí Visegrádské skupiny

Ktorá z krajín Vyšehrádskej skupiny má najprívetivejšie daňové prostredie pre podnikateľské subjekty? Predpokladom je, že ťažiskovým bodom pre zabezpečenie podnikateľských aktivít a dosiahnutie medzinárodnej konkurencieschopnosti je prívetivé podnikateľské prostredie. K stanoveniu cieľa bola aplikov...

Descrizione completa

Salvato in:
Dettagli Bibliografici
Autore principale: Farkačová, Lenka
Natura: Capitolo di libro
Lingua:ceco
Soggetti:
Tags: Aggiungi Tag
Nessun Tag, puoi essere il primo ad aggiungerne!!

MARC

LEADER 00000naa a2200000 4500
001 0278493
005 20210916090718.5
041 0 |a cze 
044 |a CZ 
245 1 0 |a Přístup ke zdanění a konkurenceschopnost zemí Visegrádské skupiny  |c Lenka Farkačová 
520 |a Ktorá z krajín Vyšehrádskej skupiny má najprívetivejšie daňové prostredie pre podnikateľské subjekty? Predpokladom je, že ťažiskovým bodom pre zabezpečenie podnikateľských aktivít a dosiahnutie medzinárodnej konkurencieschopnosti je prívetivé podnikateľské prostredie. K stanoveniu cieľa bola aplikovaná metóda MCDA. 
610 2 0 |a Vyšehradská štvorka 
610 2 0 |a prostredie podnikateľské 
610 2 0 |a konkurencieschopnosť 
610 2 0 |a porovnanie medzinárodné 
610 2 0 |a metódy 
610 2 0 |a zdaňovanie 
610 2 0 |a digitalizácia 
100 1 |a Farkačová, Lenka